000 01693cam a22005894i 4500
003 PE-LiUPU
005 20260417120835.0
008 150623s1977 txu r 000 0 eng d
020 _a0876805098
020 _a9780876805091
035 _a(Sirsi) i9780876805091
040 _aPE-LiUPU
_bspa
_cPE-LiUPU
_dPE-LiUPU
_erda
049 _aPRUA
082 0 4 _a158.2
_bM58
_221
100 1 _aMiller, Keith,
_eautor.
245 1 0 _aPlease love me :
_bone woman's silent plea for the miracle of intimacy /
_cKeith Miller.
264 1 _aWaco, Texas :
_bWord Books Publisher,
_c1977.
300 _a316 páginas ;
_c22 cm
336 _atext
_2rdacontent
337 _aunmediated
_2rdamedia
338 _avolume
_2rdacarrier
505 0 _aThe way it was by Keith Miller -- Hedy's story-the beginning -- Growing up -- Hollywood -- Lake Forest -- Death and life -- Please love me -- The way it is by Keith Miller.
526 _aSEG68
526 _aSEG70
526 _aSEG69
526 _aSEG67
526 _aSEG43
526 _aP144
526 _aP143
526 _aP131
526 _aP122
526 _aP120
526 _aP117
526 _aP112
526 _aP110
526 _aP106
526 _aP101
526 _aP80
526 _aP59
526 _aP54
526 _aP35
526 _aP33
526 _aP30
650 1 4 _aRelaciones interpersonales.
_95210
650 2 4 _aIntimidad (Psicología)
_98480
650 2 4 _aAmor
_98481
650 2 4 _aMujeres
_xPsicología
_98482
650 2 0 _aDesarrollo personal
_98159
942 _2ddc
_cBK
980 _818226
_gJaime Vilcazán Jefe de Análisis Documental
999 _c33306
_d33306